Państwa Które Kończą się na -zja - Statystyki

Ogólne statystyki
  • Ten quiz został rozwiązany 317 razy
    292 od ostatniego zresetowania
  • Średni wynik to 3 z 5
Statystyki odpowiedzi
Państwo % Poprawnych
Malezja
89%
Indonezja
77%
Tunezja
65%
Mikronezja
64%
Gruzja
43%
Nie znaleziono quizów pasujących do podanych kryteriów
Rozkład punktacji
Procent ludzi z każdym wynikiem
Percentyl według liczby udzielonych odpowiedzi
Twoja historia wyników
Nie rozwiązałeś tego quizu od ostatniego zresetowania